000 00729nam a2200229Ia 4500
005 20250508165705.0
008 008 250505s9999 xx 000 0 eng d
020 _a978-1-138-84365-3
037 _aReference
040 _aFEDL
_beng
_cFEDL
041 _aeng
_2eng
084 _a418.0071, JON/RR
_qFEDL
100 _aJones Rodney H Ed.
_9474597
245 0 _aCreativity in language teaching: Perspectives from research and practice
260 _aLondon, UK
_bRoutledge
_c2016
300 _axviii,264 p.
365 _aGBP
_b31.99
490 _aESL and Applied Linguistics professional Series
700 _a Richards Jack C Ed.
_9781633
942 _cREF
_h418.0071, JON/RR
999 _c1396778
_d1396778